Missing Word: 89th Academy Awards Quiz Stats

 Plays Quiz Updated Jun 29, 2017

Support Sporcle.
Go Orange.
Score 0/20 Timer 02:00
0 Plays Today
Nominated Film Missing Word % Correct
La La ____Land
95.8%
Hell or ____ WaterHigh
91.6%
Manchester by the ___Sea
89.7%
Fantastic ______ and Where to Find ThemBeasts
84.6%
_____ One: A Star Wars StoryRogue
77.8%
_______ SquadSuicide
67.8%
Hail, ______!Caesar
67%
Hidden _______Figures
65.9%
The ______ BookJungle
62.8%
Deepwater _______Horizon
58.5%
Nominated Film Missing Word % Correct
_______ RidgeHacksaw
58.2%
Florence ______ JenkinsFoster
52.4%
Doctor _______Strange
48.3%
A ___ Called OveMan
46.3%
Kubo and the Two _______Strings
41.9%
Star Trek ______Beyond
41%
13 _____: The Secret Soldiers of BenghaziHours
39.6%
Captain _________Fantastic
33.3%
20th Century _____Women
29.8%
_________ AnimalsNocturnal
29.3%

Today's Daily Dose

You're not logged in!

Compare scores with friends on all Sporcle quizzes.
OR
Log In
Forgot?

From the Vault

Blitz: Square Root or Square

by caramba

Honestly we never really got over how stressful these were in middle school.
Remove Ads.
Support Sporcle.
Get the best of Sporcle when you Go Orange. This ad-free experience offers more features, more stats, and more fun while also helping to support Sporcle. Thank you for becoming a member.

Show Comments

Extras

Top Quizzes Today


Score Distribution

Your Account Isn't Verified!

In order to create a playlist on Sporcle, you need to verify the email address you used during registration. Go to your Sporcle Settings to finish the process.

Report this User

Report this user for behavior that violates our Community Guidelines.

Details: